| 000 | 00574nam a2200181Ia 4500 | ||
|---|---|---|---|
| 003 | LDD | ||
| 008 | 190117s9999 xx 000 0 und d | ||
| 020 | _c₹15 | ||
| 040 | _cLDD | ||
| 041 | _ahi | ||
| 082 | _a8S2.092 त्रि6806वि-3 | ||
| 100 | _aत्रिवेदी, मातृदत्त | ||
| 245 | 0 |
_aविशाखदत्त _cमातृदत्त त्रिवेदी |
|
| 260 |
_aनई दिल्ली _bसाहित्य अकादेमी _c1992 |
||
| 440 | _a106 | ||
| 904 | _aReqst by : J. M. Parekh | ||
| 942 |
_2ddc _cH |
||
| 999 |
_c160860 _d160860 |
||